| 000 | 00843nam a2200217 i 4500 | ||
|---|---|---|---|
| 001 | 177420 | ||
| 003 | ES-MaACL | ||
| 005 | 20240213203047.0 | ||
| 008 | 110322s2010 sp |||| | spa d | ||
| 080 | _a(460.13)(059)"17" | ||
| 245 | 0 | 3 |
_aEl piscator mediano de la Cantabria Baxa, kalendario _b: cierto pronóstico dudoso para el año de 1765 / _csu autor, el Doctor Martínez, con las licencias necessarias. |
| 250 | _aEd. facs. | ||
| 260 |
_a[Santander : _bBiblioteca de Menéndez Pelayo, _c2010] |
||
| 300 |
_a43 p. ; _c14 cm. |
||
| 534 |
_pReproducción de la ed. de: _cMadrid : en la Imprenta de Andrés Ramírez, 1764. |
||
| 651 | 4 |
_aCantabria (Comunidad Autónoma)- _xDescripción. _9153444 |
|
| 655 | 7 |
_2tgfbne _9226495 _aFacsímiles |
|
| 852 |
_aES-MaACL _j2305-F-1 |
||
| 942 | _2udc | ||
| 999 |
_c177420 _d177420 |
||